<?xml version="1.0" encoding="UTF-8"?>
<marc:record xmlns:marc="http://www.loc.gov/MARC21/slim">
   <marc:leader>00000nam a2200000 a 4500</marc:leader>
   <marc:datafield ind1="1" ind2=" " tag="100">
      <marc:subfield code="a">Maar, Paul</marc:subfield>
      <marc:subfield code="4">aut</marc:subfield>
      <marc:subfield code="e">Verfasser/-in</marc:subfield>
   </marc:datafield>
   <marc:datafield ind1=" " ind2=" " tag="653">
      <marc:subfield code="a">Nasreddin</marc:subfield>
   </marc:datafield>
   <marc:datafield ind1=" " ind2=" " tag="653">
      <marc:subfield code="a">Erzählung</marc:subfield>
   </marc:datafield>
   <marc:datafield ind1=" " ind2=" " tag="653">
      <marc:subfield code="a">Märchen</marc:subfield>
   </marc:datafield>
   <marc:datafield ind1=" " ind2=" " tag="653">
      <marc:subfield code="a">AndereKulturen</marc:subfield>
   </marc:datafield>
   <marc:datafield ind1=" " ind2=" " tag="653">
      <marc:subfield code="a">Kassette / Kinder- und Jugendbücher/Kinderbücher bis 11 Jahre</marc:subfield>
   </marc:datafield>
   <marc:datafield ind1=" " ind2=" " tag="653">
      <marc:subfield code="a">CD</marc:subfield>
   </marc:datafield>
   <marc:datafield ind1=" " ind2=" " tag="653">
      <marc:subfield code="a">Anthologie</marc:subfield>
   </marc:datafield>
   <marc:datafield ind1=" " ind2=" " tag="653">
      <marc:subfield code="a">Kinderbuch</marc:subfield>
   </marc:datafield>
   <marc:datafield ind1=" " ind2=" " tag="653">
      <marc:subfield code="a">Kinderbücher bis 11 Jahre</marc:subfield>
   </marc:datafield>
   <marc:datafield ind1="0" ind2="0" tag="245">
      <marc:subfield code="a">Das fliegende Kamel</marc:subfield>
   </marc:datafield>
   <marc:datafield ind1="0" ind2="0" tag="245">
      <marc:subfield code="b">Geschichten von Nasreddín Hodscha neu erzählt = Uçan deve</marc:subfield>
   </marc:datafield>
   <marc:datafield ind1="0" ind2="0" tag="245">
      <marc:subfield code="c">von Paul Maar. Autor, Regie: Paul Maar. Sprecher: Paul Maar ; Murat Coşkun ; İbrahim Sarıaltın. Übers.: Sabriye Türker. Capella Antíqua Bambergensis</marc:subfield>
   </marc:datafield>
   <marc:datafield ind1=" " ind2="1" tag="264">
      <marc:subfield code="a">Hamburg</marc:subfield>
      <marc:subfield code="b">Oetinger</marc:subfield>
      <marc:subfield code="c">2012</marc:subfield>
   </marc:datafield>
   <marc:datafield ind1="1" ind2=" " tag="520">
      <marc:subfield code="a">Angaben aus der Verlagsmeldung

Das fliegende Kamel – Die literarisch-musikalische Reise in das Land des Nasreddin Hodscha (2 CD) : Lesung mit Musik / von Paul Maar

Wer ist Nasreddin Hodscha? Seit dem 15. Jahrhundert gibt es zahlreiche Geschichten des Eulenspiegels aus dem Orient. Hodscha lügt, dass sich die Balken biegen, er ist Hochstapler und Philosoph, wunderlich und immer voll hintergründiger Weisheit. Paul Maar erzählt einige der berühmten Nasreddin-Geschichten nach und hat dazu noch neue erfunden – mit Schelmengeschichten aus der Gegenwart. Der Text von Paul Maar Buch ist auf dem Hörbuch auf Deutsch und auf Türkisch zu hören: In der deutschsprachigen Version erzählt der Autor selbst die alten und neuen Anekdoten und Geschichten vom türkischen Eulenspiegel Nasreddin Hodscha. Unterstützt wird er dabei von Murat Coskun, der dem Nasreddin seine Stimme leiht. In der türkischen Fassung sprechen Murat Coskun und Ibrahim Sarialtin den übersetzten Text.
</marc:subfield>
   </marc:datafield>
   <marc:datafield ind1=" " ind2=" " tag="020">
      <marc:subfield code="a">9783837306699</marc:subfield>
      <marc:subfield code="9">9783837306699</marc:subfield>
   </marc:datafield>
   <marc:datafield ind1=" " ind2=" " tag="041">
      <marc:subfield code="a">ger</marc:subfield>
   </marc:datafield>
   <marc:datafield ind1=" " ind2=" " tag="300">
      <marc:subfield code="a">2 CDs (ca. 108 Min.)</marc:subfield>
   </marc:datafield>
</marc:record>
